Ciudades que comienzan con B en un mapa - Estadísticas

Estadísticas generales
  • Esta prueba ha sido intentada 62 veces
  • La puntuación promedio es 21 de 30
Respuestas en el mapa
Las respuestas están codificadas por una escala verde-roja en el mapa de la prueba según el % correcto abajo.
 
Estadísticas de respuestas
ciudad % Correcto
Barcelona
98%
Bruselas
95%
Buenos Aires
95%
Bogotá
93%
Berlín
89%
Boston
88%
Brasilia
88%
Bangkok
86%
Birmingham
86%
Bucarest
82%
Budapest
82%
Burdeos
82%
Belgrado
81%
Bagdad
79%
Bakú
75%
Beirut
75%
Beijing
70%
Bolonia
70%
Brisbane
68%
Bamako
63%
Barranquilla
63%
Belo Horizonte
61%
Brazzaville
58%
Baltimore
54%
Bergen
53%
Belem
49%
Bloemfontein
46%
Busan
44%
Bandung
30%
Bengaluru
12%
No se encontraron pruebas coincidentes
Distribución de puntuación
Porcentaje de gente con cada puntuación
Porcentaje por número respondido
Historial de tus puntuaciones
No has intentado esta prueba.